Lý thuyết đàn hồi
Shranjeno v:
| Glavni avtor: | |
|---|---|
| Format: | Knjiga |
| Jezik: | Undetermined |
| Izdano: |
Xây dựng
2022
|
| Teme: | |
| Oznake: |
Označite
Brez oznak, prvi označite!
|
| Thư viện lưu trữ: | Trung tâm Thư viện - Trường Đại học Công nghiệp TP. Hồ Chí Minh |
|---|
| LEADER | 00523nam a2200157Ia 4500 | ||
|---|---|---|---|
| 001 | IUH_2025_00321 | ||
| 008 | 251224s9999 xx 000 0 und d | ||
| 082 | |a 531.38 | ||
| 100 | |a Nguyễn, Văn Liên | ||
| 245 | 0 | |a Lý thuyết đàn hồi | |
| 245 | 0 | |c Nguyễn, Văn Liên | |
| 260 | |b Xây dựng | ||
| 260 | |c 2022 | ||
| 650 | |a Lý thuyết đàn hồi; Đàn hồi; | ||
| 927 | |a Sách | ||
| 980 | |a Trung tâm Thư viện - Trường Đại học Công nghiệp TP. Hồ Chí Minh | ||